00286nam a2200097Ia 4500008004000000082001500040100002400055245003800079260006300117300000800180210210b1978 xxu||||| |||| 00| 0 eng d a370.1 BRUM aBRUBACHER (John S). aModern philosophies of education. aNew Delhi.bTata McGraw-Hill Publishing Company Ltd.c1978 a393